|
|
|
|
| LEADER |
01680cas a2200241 a 4500 |
| 001 |
AALejournalIMF019642 |
| 008 |
230101c9999 xx r poo 0 0eng d |
| 020 |
|
|
|c 5.00 USD
|
| 020 |
|
|
|z 9781498332606
|
| 022 |
|
|
|a 2663-3493
|
| 040 |
|
|
|a BD-DhAAL
|c BD-DhAAL
|
| 110 |
2 |
|
|a International Monetary Fund.
|
| 245 |
1 |
0 |
|a Article VIII Acceptance by IMF Members :
|b Recent Trends and Implications for the Fund.
|
| 264 |
|
1 |
|a Washington, D.C. :
|b International Monetary Fund,
|c 2006.
|
| 300 |
|
|
|a 1 online resource (18 pages)
|
| 490 |
1 |
|
|a Policy Papers
|
| 500 |
|
|
|a <strong>Off-Campus Access:</strong> No User ID or Password Required
|
| 500 |
|
|
|a <strong>On-Campus Access:</strong> No User ID or Password Required
|
| 506 |
|
|
|a Electronic access restricted to authorized BRAC University faculty, staff and students
|
| 520 |
3 |
|
|a This paper reports on the work undertaken in this area since the 1992 review and seeks to encourage further progress in current account liberalization among the membership. Section II provides an overview of the legal framework; Section III studies recent trends in members' acceptance of Article VIII obligations, and analyzes the factors underlying these trends; Section IV outlines the possible economic (and financial) benefits of current account liberalization for Fund members; finally, Section V lays out the implications for surveillance, the enforcement of compliance with Article VIII obligations and technical assistance.
|
| 538 |
|
|
|a Mode of access: Internet
|
| 830 |
|
0 |
|a Policy Papers; Policy Paper ;
|v No. 2006/031
|
| 856 |
4 |
0 |
|z Full text available on IMF
|u http://elibrary.imf.org/view/journals/007/2006/031/007.2006.issue-031-en.xml
|z IMF e-Library
|